9. Luces Azules - Quevedo - Estadísticas

Estadísticas generales
  • Esta prueba ha sido intentada 37 veces
    36 desde el último reinicio
  • La puntuación promedio es 284 de 336
Estadísticas de respuestas
% Correcto
a
100%
A
100%
and
100%
azule'
100%
Luces
100%
luces
100%
rock
100%
roll
100%
se
100%
100%
sexo
100%
y
100%
Y
100%
alguien
93%
coche
93%
de
93%
dejó
93%
efecto
93%
el
93%
Manejando
93%
me
93%
Me
93%
morada'
93%
No
93%
no
93%
noto
93%
Pastilla'
93%
que
93%
¿qué
93%
qué
93%
si
93%
Siento
93%
siento
93%
ya
93%
Creo
87%
en
87%
es
87%
la
87%
La
87%
lo
87%
mi
87%
87%
mí?
87%
monstruo
87%
por
87%
¿Por
87%
quiero
87%
Quiero
87%
rest
87%
resto
87%
sobrevivir
87%
alrededor
80%
ángel
80%
cabeza
80%
camino
80%
como
80%
conviven
80%
cuando
80%
Cuando
80%
deja
80%
dentro
80%
dormir
80%
duela
80%
era
80%
escuela
80%
iba
80%
las
80%
Las
80%
los
80%
más
80%
mira'
80%
na
80%
nada
80%
Porque
80%
porque
80%
quieren
80%
saber
80%
soy
80%
todo
80%
Un
80%
un
80%
único
80%
ver
80%
verdad
80%
algo
73%
alturas
73%
aunque
73%
del
73%
desapareciendo
73%
diablo
73%
ella
73%
esta
73%
estas
73%
este
73%
guía
73%
Hace
73%
hay
73%
he
73%
mueve
73%
persiguen
73%
puedo
73%
retroceder
73%
sea
73%
seguir
73%
sigue
73%
tiempo
73%
versión
73%
Yeah
73%
yeah
73%
yo
73%
agarran
67%
convertir
67%
elegí
67%
Pensando
67%
Pero
67%
ando
60%
claro
60%
decir
60%
gritan
60%
marcan
60%
miran
60%
recuerda
60%
sentir
60%
todavía
60%
cuelan?
53%
estamos
53%
lejo'
53%
recuerdos
53%
vuelva
53%
alma
47%
duelen
47%
merezco
47%
tiene
47%
Quizás
40%
No se encontraron pruebas coincidentes
Distribución de puntuación
Porcentaje de gente con cada puntuación
Porcentaje por número respondido
Historial de tus puntuaciones
No has intentado esta prueba desde el último reinicio